Кратеры, образовавшиеся в результате падения метеоритов как объекты поиска нефти и газа; Проблемы геологии и освоения недр; Т. 1

Bibliografiset tiedot
Parent link:Проблемы геологии и освоения недр: труды XVII Международного симпозиума имени академика М. А. Усова студентов и молодых ученых, Томск, 1-5 апреля 2013 г./ Национальный исследовательский Томский политехнический университет (ТПУ), Институт природных ресурсов (ИПР) ; Общество инженеров-нефтяников, Студенческий чаптер ; под ред. А. Ю. Дмитриева.— , 2013
Т. 1.— 2013.— [С. 625-627]
Päätekijä: Каминский Е. Ю.
Yhteisötekijä: Национальный исследовательский Томский политехнический университет (ТПУ) Институт природных ресурсов (ИПР) Кафедра геологии и разведки полезных ископаемых (ГРПИ)
Muut tekijät: Гайдукова Т. А. Татьяна Алексеевна (научный руководитель)
Yhteenveto:Заглавие с экрана
Kieli:venäjä
Julkaistu: 2013
Sarja:Космогеологические исследования. Методы. Результаты. Перспективы
Aiheet:
Linkit:http://www.lib.tpu.ru/fulltext/c/2013/C11/V1/312.pdf
Aineistotyyppi: Elektroninen Kirjan osa
KOHA link:https://koha.lib.tpu.ru/cgi-bin/koha/opac-detail.pl?biblionumber=604833

MARC

LEADER 00000naa2a2200000 4500
001 604833
005 20260217140710.0
035 |a (RuTPU)RU\TPU\conf\2113 
035 |a RU\TPU\conf\2110 
090 |a 604833 
100 |a 20140321d2013 k y0rusy50 ca 
101 0 |a rus 
102 |a RU 
135 |a arnn ---uucaa 
181 0 |a i  
182 0 |a b 
200 1 |a Кратеры, образовавшиеся в результате падения метеоритов как объекты поиска нефти и газа  |f Е. Ю. Каминский  |g науч. рук. Т. А. Гайдукова 
203 |a Текст  |c электронный 
225 1 |a Космогеологические исследования. Методы. Результаты. Перспективы 
300 |a Заглавие с экрана 
320 |a [Библиогр.: с. 627 (4 назв.)] 
337 |a Adobe Reader 
461 1 |0 (RuTPU)RU\TPU\conf\37  |t Проблемы геологии и освоения недр  |o труды XVII Международного симпозиума имени академика М. А. Усова студентов и молодых ученых, Томск, 1-5 апреля 2013 г.  |o в 2 т.  |f Национальный исследовательский Томский политехнический университет (ТПУ), Институт природных ресурсов (ИПР) ; Общество инженеров-нефтяников, Студенческий чаптер ; под ред. А. Ю. Дмитриева  |d 2013 
463 1 |0 (RuTPU)RU\TPU\conf\38  |t Т. 1  |v [С. 625-627]  |d 2013 
610 1 |a труды учёных ТПУ 
610 1 |a электронный ресурс 
610 1 |a кратеры 
610 1 |a метеориты 
610 1 |a нефти 
610 1 |a газы 
610 1 |a метеоритные кратеры 
700 1 |a Каминский  |b Е. Ю. 
702 1 |a Гайдукова  |b Т. А.  |c российский геолог  |c доцент Томского политехнического университета  |g Татьяна Алексеевна  |4 727 
712 0 2 |a Национальный исследовательский Томский политехнический университет (ТПУ)  |b Институт природных ресурсов (ИПР)  |b Кафедра геологии и разведки полезных ископаемых (ГРПИ)  |3 (RuTPU)RU\TPU\col\18660 
801 2 |a RU  |b 63413507  |c 20230314  |g RCR 
856 4 |u http://www.lib.tpu.ru/fulltext/c/2013/C11/V1/312.pdf 
942 |c CF